[Event "NED-ch U17"]
[Site "Venlo"]
[Date "2007.05.04"]
[Round "8"]
[White "Colijn, Erik Jan"]
[Black "Schut, Donna"]
[Result "0-1"]
[WhiteElo "1755"]
[BlackElo "2035"]
[PlyCount "88"]
[EventDate "2007.04.30"]
[EventType "swiss"]
[EventRounds "9"]
[EventCountry "NED"]
[SourceTitle "EXT 2009"]
[Source "ChessBase"]
[SourceDate "2008.11.26"]
[SourceVersion "1"]
[SourceVersionDate "2008.11.26"]
[SourceQuality "1"]

1. e4 e6 2. d4 d5 3. exd5 exd5 4. Bd3 Nc6 5. c3 Bd6 6. Be3 Nge7 7. Qc2 Be6 8. Nd2 Qd7 9. Ngf3 Bf5 10. Bxf5 Nxf5 11. 0-0-0 0-0-0 12. Rde1 f6 13. Nb3 Rhe8 14. Kb1 g6 15. Bd2 Rxe1+ 16. Rxe1 Re8 17. Qd1 Re6 18. Rxe6 Qxe6 19. Qe1 Qe4+ 20. Kc1 Kd7 21. h3 Qd3 22. Nc5+ Bxc5 23. dxc5 Qc4 24. Kb1 Qxc5 25. Be3 Nxe3 26. Qxe3 Qxe3 27. fxe3 Ke6 28. b3 Kf5 29. Kc2 Ke4 30. Kd2 Ne7 31. Ke2 Nf5 32. Nd2+ Ke5 33. Nf3+ Ke4 34. Nd2+ Ke5 35. Nf3+ Ke6 36. Kd3 c5 37. c4 dxc4+ 38. bxc4 Ne7 39. Nd2 Nc6 40. a3 Ne5+ 41. Kc3 Kf5 42. g3 h5 43. Kb3 Nd3 44. Nf3 Ke4 0-1

[Event "NED-ch U17"]
[Site "Venlo"]
[Date "2007.04.30"]
[Round "1"]
[White "Smith, Thijmen"]
[Black "Schut, Donna"]
[Result "1-0"]
[WhiteElo "1681"]
[BlackElo "2035"]
[PlyCount "43"]
[EventDate "2007.04.30"]
[EventType "swiss"]
[EventRounds "9"]
[EventCountry "NED"]
[SourceTitle "EXT 2009"]
[Source "ChessBase"]
[SourceDate "2008.11.26"]
[SourceVersion "1"]
[SourceVersionDate "2008.11.26"]
[SourceQuality "1"]

1. e4 e6 2. d4 d5 3. exd5 exd5 4. c4 Bb4+ 5. Nc3 Nf6 6. Bd3 0-0 7. Nge2 Nbd7 8. Bg5 dxc4 9. Bxc4 Nb6 10. Bd3 Bg4 11. 0-0 Bh5 12. Qb3 Bd6 13. f4 Qe7 14. Qc2 Bg6 15. f5 Bh5 16. Ne4 Nbd5 17. N2c3 Nb4 18. Qb1 Rad8 19. Re1 Nxd3 20. Nxf6+ gxf6 21. Rxe7 Bxe7 22. Bh6 1-0

[Event "Vlissingen HZ op 10th"]
[Site "Vlissingen"]
[Date "2006.08.09"]
[Round "6"]
[White "Schut, Donna"]
[Black "Plukkel, Sjoerd"]
[Result "0-1"]
[WhiteElo "2016"]
[BlackElo "2148"]
[PlyCount "66"]
[EventDate "2006.08.05"]
[EventType "swiss"]
[EventRounds "9"]
[EventCountry "NED"]
[SourceTitle "CBM 113 Extra"]
[Source "ChessBase"]
[SourceDate "2006.09.14"]
[SourceVersion "1"]
[SourceVersionDate "2006.09.14"]
[SourceQuality "1"]

1. e4 d6 2. d4 Nf6 3. Nc3 Nbd7 4. g4 h6 5. Be3 e5 6. h3 c6 7. Nge2 Qc7 8. Bg2 Nb6 9. Ng3 Be7 10. a4 Nc4 11. Bc1 Qb6 12. Nce2 Nxb2 13. Bxb2 Qxb2 14. c3 Qb6 15. a5 Qc7 16. 0-0 g5 17. Nf5 Bxf5 18. exf5 d5 19. dxe5 Qxe5 20. Nd4 Qc7 21. Re1 a6 22. Qe2 Kf8 23. c4 Rd8 24. cxd5 Nxd5 25. Qb2 Rg8 26. Rac1 Nf4 27. f6 Bxf6 28. Ne6+ Nxe6 29. Qxf6 Rg6 30. Qc3 Qf4 31. Be4 Rf6 32. Bf5 Nd4 33. Re4 Qxe4 0-1

[Event "Vlissingen HZ op 10th"]
[Site "Vlissingen"]
[Date "2006.08.07"]
[Round "4"]
[White "Schut, Donna"]
[Black "Mindeguia Guruceaga, Juan Jesus"]
[Result "0-1"]
[WhiteElo "2016"]
[BlackElo "2199"]
[PlyCount "54"]
[EventDate "2006.08.05"]
[EventType "swiss"]
[EventRounds "9"]
[EventCountry "NED"]
[SourceTitle "CBM 113 Extra"]
[Source "ChessBase"]
[SourceDate "2006.09.14"]
[SourceVersion "1"]
[SourceVersionDate "2006.09.14"]
[SourceQuality "1"]

1. e4 e5 2. Nf3 Nc6 3. Bb5 f5 4. d3 fxe4 5. dxe4 Nf6 6. 0-0 Bc5 7. Qe2 Qe7 8. Bg5 0-0 9. Nc3 d6 10. Nd5 Qf7 11. Rad1 Nxd5 12. Bc4 Kh8 13. Bxd5 Qg6 14. Bxc6 bxc6 15. Be7 Re8 16. Bh4 Bg4 17. Bg3 Rf8 18. Qc4 Rab8 19. Rb1 Bxf3 20. gxf3 Rxf3 21. b4 Bb6 22. Qxc6 Rbf8 23. Kh1 Qf7 24. Rb3 h5 25. c4 Bd4 26. Qd5 Qf6 27. Qc6 h4 0-1

[Event "Hengelo U14 op"]
[Site "Hengelo"]
[Date "2005.08.09"]
[Round "3"]
[White "Ko, Kin Sing"]
[Black "Schut, Donna"]
[Result "0-1"]
[WhiteElo "1069"]
[BlackElo "1701"]
[PlyCount "42"]
[EventDate "2005.08.??"]
[EventType "swiss"]
[EventRounds "9"]
[EventCountry "NED"]
[SourceTitle "CBM 107 Extra"]
[Source "ChessBase"]
[SourceDate "2005.09.01"]
[SourceVersion "1"]
[SourceVersionDate "2005.09.01"]
[SourceQuality "1"]

1. e4 e6 2. d4 d5 3. e5 c5 4. Be3 Qb6 5. b3 Nc6 6. Nf3 cxd4 7. Nxd4 Nxe5 8. Nc3 Bd7 9. Bd3 Bb4 10. Nde2 Bxc3+ 11. Nxc3 d4 12. Bf4 Nxd3+ 13. Qxd3 dxc3 14. Rd1 Nf6 15. Be5 Qb5 16. Bxc3 Qxd3 17. Rxd3 Bc6 18. Rg3 Ne4 19. Bxg7 Nxg3 20. hxg3 Bxg2 21. Rh2 Rg8 0-1

[Event "Hengelo U14 op"]
[Site "Hengelo"]
[Date "2005.08.09"]
[Round "2"]
[White "Schut, Donna"]
[Black "Westermann, Natalia"]
[Result "0-1"]
[WhiteElo "1701"]
[BlackElo "1533"]
[PlyCount "36"]
[EventDate "2005.08.??"]
[EventType "swiss"]
[EventRounds "9"]
[EventCountry "NED"]
[SourceTitle "CBM 107 Extra"]
[Source "ChessBase"]
[SourceDate "2005.09.01"]
[SourceVersion "1"]
[SourceVersionDate "2005.09.01"]
[SourceQuality "1"]

1. e4 Nc6 2. Nf3 e5 3. d4 exd4 4. Bc4 Bc5 5. c3 dxc3 6. Bxf7+ Kf8 7. Bxg8 Rxg8 8. Nxc3 d6 9. Bg5 Qe8 10. 0-0 Be6 11. Qd2 Qf7 12. Rfe1 h6 13. Bh4 Re8 14. a3 a6 15. b4 Ba7 16. Rad1 Bg4 17. Nd5 Bxf3 18. gxf3 Ne5 0-1